<?xml version="1.0" encoding="UTF-8"?><?xml-stylesheet type="text/xsl" href="static/style.xsl"?><OAI-PMH xmlns="http://www.openarchives.org/OAI/2.0/" xmlns:xsi="http://www.w3.org/2001/XMLSchema-instance" xsi:schemaLocation="http://www.openarchives.org/OAI/2.0/ http://www.openarchives.org/OAI/2.0/OAI-PMH.xsd"><responseDate>2026-04-17T07:54:35Z</responseDate><request verb="GetRecord" identifier="oai:www.recercat.cat:11351/7044" metadataPrefix="marc">https://recercat.cat/oai/request</request><GetRecord><record><header><identifier>oai:recercat.cat:11351/7044</identifier><datestamp>2025-10-24T10:51:18Z</datestamp><setSpec>com_2072_451669</setSpec><setSpec>com_2072_378040</setSpec><setSpec>col_2072_451670</setSpec></header><metadata><record xmlns="http://www.loc.gov/MARC21/slim" xmlns:dcterms="http://purl.org/dc/terms/" xmlns:xsi="http://www.w3.org/2001/XMLSchema-instance" xmlns:doc="http://www.lyncode.com/xoai" xsi:schemaLocation="http://www.loc.gov/MARC21/slim http://www.loc.gov/standards/marcxml/schema/MARC21slim.xsd">
   <leader>00925njm 22002777a 4500</leader>
   <datafield ind2=" " ind1=" " tag="042">
      <subfield code="a">dc</subfield>
   </datafield>
   <datafield ind2=" " ind1=" " tag="720">
      <subfield code="a">Benavides, FG</subfield>
      <subfield code="e">author</subfield>
   </datafield>
   <datafield ind2=" " ind1=" " tag="720">
      <subfield code="a">Ramada Rodilla, José María</subfield>
      <subfield code="e">author</subfield>
   </datafield>
   <datafield ind2=" " ind1=" " tag="720">
      <subfield code="a">Carreras Valls, Rosa</subfield>
      <subfield code="e">author</subfield>
   </datafield>
   <datafield ind2=" " ind1=" " tag="720">
      <subfield code="a">del Campo, María Teresa</subfield>
      <subfield code="e">author</subfield>
   </datafield>
   <datafield ind2=" " ind1=" " tag="720">
      <subfield code="a">Taboada, Isabel</subfield>
      <subfield code="e">author</subfield>
   </datafield>
   <datafield ind2=" " ind1=" " tag="720">
      <subfield code="a">Palma-Vasquez, Claudia</subfield>
      <subfield code="e">author</subfield>
   </datafield>
   <datafield ind2=" " ind1=" " tag="260">
      <subfield code="c">2022-02-21T09:48:55Z</subfield>
   </datafield>
   <datafield ind2=" " ind1=" " tag="260">
      <subfield code="c">2022-02-21T09:48:55Z</subfield>
   </datafield>
   <datafield ind2=" " ind1=" " tag="260">
      <subfield code="c">2021-12-03</subfield>
   </datafield>
   <datafield ind2=" " ind1=" " tag="520">
      <subfield code="a">Malaltia professional; Assegurança social; Costos de malalties</subfield>
   </datafield>
   <datafield ind2=" " ind1=" " tag="520">
      <subfield code="a">Enfermedad profesional; Seguro social; Costes de enfermedades</subfield>
   </datafield>
   <datafield ind2=" " ind1=" " tag="520">
      <subfield code="a">Occupational disease; Social insurance; Cost of disease</subfield>
   </datafield>
   <datafield ind2=" " ind1=" " tag="520">
      <subfield code="a">Objetivo: Estimar el coste hospitalario de una muestra de casos atendidos en siete hospitales del Sistema Nacional de Salud de diferentes ciudades españolas. Método: Estudio basado en 78 casos de enfermedad profesional reconocida por la Seguridad Social, atendidos en centros hospitalarios de Badalona, Barcelona, Ferrol, Gijón, Girona, Madrid y Vigo entre 2017 y 2019. Resultados: La actividad asistencial generada en estos hospitales para atender estos procesos supuso un coste total para el Sistema Nacional de Salud de 282.927 €. Conclusiones: Urge mejorar la coordinación entre los dos sistemas públicos de salud: la asistencia sanitaria de la Seguridad Social y el Sistema Nacional de Salud.</subfield>
   </datafield>
   <datafield ind2=" " ind1=" " tag="520">
      <subfield code="a">Este proyecto ha sido financiado parcialmente por el Instituto de Salud Carlos III a través del Fondo de Investigación Sanitaria FIS/ FEDER (PI16/00061).</subfield>
   </datafield>
   <datafield ind1="8" ind2=" " tag="024">
      <subfield code="a">http://hdl.handle.net/11351/7044</subfield>
   </datafield>
   <datafield tag="653" ind2=" " ind1=" ">
      <subfield code="a">Assistència sanitària - Cost (Espanya)</subfield>
   </datafield>
   <datafield tag="653" ind2=" " ind1=" ">
      <subfield code="a">Economia de la salut (Espanya)</subfield>
   </datafield>
   <datafield tag="653" ind2=" " ind1=" ">
      <subfield code="a">Hospitals públics - Control de costos</subfield>
   </datafield>
   <datafield tag="653" ind2=" " ind1=" ">
      <subfield code="a">HEALTH CARE::Health Care Economics and Organizations::Economics::Costs and Cost Analysis::Health Care Costs</subfield>
   </datafield>
   <datafield tag="653" ind2=" " ind1=" ">
      <subfield code="a">PUBLIC HEALTH::Health Policy, Planning and Management::Health Economics::Costs and Cost Analysis::Cost Control</subfield>
   </datafield>
   <datafield tag="653" ind2=" " ind1=" ">
      <subfield code="a">HEALTH CARE::Health Care Facilities, Manpower, and Services::Health Facilities::Hospitals::Hospitals, Public</subfield>
   </datafield>
   <datafield tag="653" ind2=" " ind1=" ">
      <subfield code="a">GEOGRAPHICALS::Geographic Locations::Europe::Spain</subfield>
   </datafield>
   <datafield tag="653" ind2=" " ind1=" ">
      <subfield code="a">ATENCIÓN DE SALUD::economía y organizaciones para la atención de la salud::economía::costes y análisis de costes::costes de la atención a la salud</subfield>
   </datafield>
   <datafield tag="653" ind2=" " ind1=" ">
      <subfield code="a">SALUD PÚBLICA::Políticas, Planificación y Administración en salud::economía de la salud::costes y análisis de costes::control de costes</subfield>
   </datafield>
   <datafield tag="653" ind2=" " ind1=" ">
      <subfield code="a">ATENCIÓN DE SALUD::instalaciones, servicios y personal de asistencia sanitaria::centros sanitarios::hospitales::hospitales públicos</subfield>
   </datafield>
   <datafield tag="653" ind2=" " ind1=" ">
      <subfield code="a">DENOMINACIONES GEOGRÁFICAS::localizaciones geográficas::Europa (continente)::España</subfield>
   </datafield>
   <datafield ind2="0" ind1="0" tag="245">
      <subfield code="a">Aproximación al coste de enfermedades profesionales atendidas en siete hospitales en España</subfield>
   </datafield>
</record></metadata></record></GetRecord></OAI-PMH>